[Event "13th Agzamov Memorial 2019"]
[Site "Tashkent"]
[Date "2019.03.13"]
[Round "2.1"]
[White "Abdisalimov, Abdimalik"]
[Black "Grigoryan, Karen H."]
[Result "0-1"]
[WhiteElo "2375"]
[BlackElo "2571"]
[Annotator "TA"]
[PlyCount "111"]
[EventDate "2019.03.12"]
[EventType "swiss"]
[EventCountry "UZB"]
[SourceTitle "playchess.com"]
[Source "ChessBase"]
[SourceQuality "1"]

{[%evp 18,111,22,14,18,17,49,54,49,51,53,49,49,51,64,69,60,43,60,43,49,56,59,50,49,13,8,12,11,0,76,0,43,32,46,36,79,-118,-114,-118,-72,-52,-64,-89,-87,-91,-30,-42,-28,-18,-24,-19,-3,-16,-3,-105,-45,-105,-94,-98,-94,-95,-95,-166,-83,-156,-78,-122,-127,-291,-289,-283,-287,-291,-268,-333,-325,-318,-256,-29948,-286,-467,-465,-421,-400,-29954,-29956,-29956,-29957,-29957,-29958,-29959,-29960,-29959,-29961,-29963]} 1. d4 Nf6 2. c4 g6 3. Nc3 Bg7 4. e4 d6 5. Nge2 O-O 6. f3 c5 7. d5 e6 8. Ng3 exd5 9. cxd5 a6 10. a4 {[%cal Ba2a4,Ba4a5][%mdl 32]} h5 {A65: Modern Benoni: 6 e4} (10... Nbd7 11. Be2 Ne8 12. Bf4 Rb8 13. O-O c4 14. Bxc4 Qb6+ 15. Rf2 Bd4 16. Qd2 Ne5 17. Bf1 Bxf2+ 18. Qxf2 Qxf2+ 19. Kxf2 {½-½ (32) Carlsen,M (2835)-Nepomniachtchi,I (2763) Wijk aan Zee 2019}) 11. Bg5 Qb6 12. Qd2 Nh7 {White is slightly better.} 13. a5 Qc7 14. Bh6 h4 15. Nge2 Qe7 16. Bxg7 Kxg7 {[#]} 17. Nf4 $146 ({Predecessor:} 17. Na4 Nd7 {½-½ (31) Edouard,R (2625)-Feller,S (2640) Bois Colombes 2012}) 17... Nd7 18. Be2 Ne5 19. O-O Bd7 20. Nd3 f5 21. f4 Nxd3 22. Bxd3 Qf6 23. Rae1 {e5 is the strong threat.} Rae8 (23... Qd4+ $11 {keeps the balance.} 24. Qe3 Nf6) 24. Qe3 (24. e5 $1 $16 {[%cal Re5f6]} dxe5 25. fxe5 Rxe5 26. Ne4 $1 {[%mdl 512]} fxe4 27. Rxf6 Nxf6 28. Bc4) 24... Qd8 25. e5 Qxa5 26. Qf2 Qb4 27. exd6 $2 (27. Re3 $1 $16) 27... Nf6 $17 28. Na2 Qd4 29. Qxd4 cxd4 30. Nb4 Ne4 31. Nc2 Nc5 ({Black should play} 31... Rf6 $1 $17 32. Nxd4 Rxd6) 32. Bc4 b5 {aiming for ...Rxe1.} 33. Ba2 d3 34. Nd4 Rxe1 35. Rxe1 {Strongly threatening Ne6+.} Kf6 36. b4 (36. Nf3 $11) 36... Ne4 (36... d2 $17 {[%cal Rd2e1]} 37. Rd1 Nd3 38. Rxd2 Nxb4) 37. Nc6 (37. Nf3 $1 $15) 37... d2 $36 {[%cal Rd2e1][%mdl 2048] Keeping White busy.} 38. Rd1 Rc8 39. Ne5 Rd8 40. Bb3 (40. Nf3 $17) 40... Be8 ({Black should try} 40... g5 $19 41. Nxd7+ Rxd7 42. fxg5+ Kxg5) 41. Bc2 (41. Nf3 $142) 41... Rxd6 (41... g5 $142 {Threatens to win with ...Bh5.} 42. Ng4+ fxg4 43. Bxe4 gxf4 44. Rxd2 Ke5) 42. Bxe4 fxe4 {[%mdl 4096] Endgame KRB-KRN} 43. Kf2 $2 (43. Ng4+ $17 {was the only chance.} Kf5 {[%mdl 64] Double Attack} 44. h3) 43... Rxd5 $19 {Hoping for ...Kf5.} 44. Ke3 g5 $1 {[%cal Rg5f4]} 45. Kxe4 Bh5 46. fxg5+ Ke6 $1 ({Less strong is} 46... Kxg5 47. Nf3+ Bxf3+ 48. gxf3 $17) 47. Nf3 h3 $1 {[%cal Rh3g2]} 48. gxh3 $2 {[#]} (48. g4 $19 Bxg4 49. g6) 48... Bg6+ $2 (48... Re5+ $1 {[%mdl 512] mates} 49. Nxe5 Bxd1 50. Ke3 Bh5 51. Kxd2 Kxe5 52. Kd3 Bg6+ 53. Kc3 Ke4 54. h4 Bf7 55. Kc2 Kd4 56. Kd1 Kc3 57. Ke1 a5 58. bxa5 b4 59. h5 b3 60. Kf2 b2 61. g6 Be6 62. h6 b1=Q 63. h7 Qf5+ 64. Ke3 Qc5+ 65. Ke2 Bg4+ 66. Kf1 Bh3+ 67. Ke2 Qe5+ {[%mdl 64] Double Attack} 68. Kf3 Kd3 69. Kf2 Qe3#) 49. Ke3 $2 {[#]} (49. Kf4 {was the only defense.} Rf5+ 50. Kg3 Rxf3+ 51. Kxf3 Bh5+ {[%mdl 64] Skewer} 52. Ke3 Bxd1 53. Kxd2) 49... Rd3+ $1 ({Weaker is} 49... Bh5 50. g6 $11) 50. Ke2 {[#]} Rxf3 $1 {[%mdl 512]} 51. Kxf3 {KR-KB} (51. Rxd2 $19 Rxh3 52. Kf1) 51... Bh5+ {[%mdl 64] Skewer. Black mates.} 52. Ke3 Bxd1 53. Kxd2 Bh5 54. h4 Kf5 55. Ke3 Kg4 56. Kd4 {Accuracy: White = 33%, Black = 51%.} 0-1

[Event "13th Agzamov Memorial 2019"]
[Site "Tashkent"]
[Date "2019.03.13"]
[Round "2.2"]
[White "Yakubboev, Nodirbek"]
[Black "Fayzullaev, Akmal"]
[Result "1-0"]
[WhiteElo "2569"]
[BlackElo "2370"]
[Annotator "TA"]
[PlyCount "68"]
[EventDate "2019.03.12"]
[EventType "swiss"]
[EventCountry "UZB"]
[SourceTitle "playchess.com"]
[Source "ChessBase"]
[SourceQuality "1"]

{[%evp 16,68,47,42,52,26,49,41,105,56,68,58,68,70,73,53,54,62,63,37,47,35,86,80,81,83,74,91,78,66,87,44,85,57,116,108,131,136,126,101,138,95,111,102,223,154,158,145,413,429,414,374,1706,1617,1889]} 1. d4 Nf6 2. c4 g6 3. Nc3 Bg7 4. e4 O-O 5. Bg5 d6 6. h3 c6 7. Nf3 a6 8. Bd3 {[%cal Bf1d3,Bd3c2,Bc2a4,Ba4b5][%mdl 32]} Nbd7 {E90: King's Indian: Classical: Early deviations and 6 h3} (8... b5 9. O-O Bb7 10. Re1 h6 11. Be3 Nfd7 12. Qd2 Kh7 13. e5 c5 14. exd6 exd6 15. d5 bxc4 16. Bxc4 {1-0 (50) Potkin,V (2597)-Tissir,M (2387) St Petersburg 2018}) 9. O-O {LiveBook: 6 Games} e5 10. Re1 h6 {White has an edge.} 11. Be3 $1 Qe7 (11... b5 $14) 12. Bc2 $146 ({Predecessor:} 12. b4 exd4 13. Bxd4 Rd8 14. Qc2 Nh5 15. Bxg7 Kxg7 16. Na4 Nf4 17. Bf1 Ne5 18. Qc3 Qf6 19. Re3 Be6 {½-½ (19) Lombardy,W-Bisguier,A New York 1960}) 12... b5 13. d5 cxd5 14. cxd5 Nh5 15. b4 Nf4 16. a4 bxa4 17. Bxa4 Rb8 18. b5 {[#] Strongly threatening bxa6.} axb5 ({Black should play} 18... Nc5 $14) 19. Bxb5 $16 Qf6 20. Nd2 Nc5 21. Bxc5 dxc5 22. Bf1 Rb2 {[#] Threatens to win with ...Nxh3+!} 23. Ra2 Rb4 24. Kh2 Rd4 (24... h5 $14) 25. Qf3 Qe7 26. g3 Nh5 27. Nb5 {Ra7 is the strong threat.} Rb4 28. Na7 {And now Nc6 would win.} Bd7 29. Nc4 f5 (29... Ba4 $16 {is a better defense.}) 30. Nc6 $36 {[%mdl 2048] Keeping Black busy.} Bxc6 31. dxc6 {[%cal Bd5c6,Bc6c7][%mdl 32]} Kh8 $2 {[%mdl 8192]} (31... f4 $16 32. g4 Nf6) 32. exf5 $18 Rxf5 33. Qd5 Qg5 $2 (33... Qf7 34. Qxf7 (34. Qxc5 Bf8 $18) 34... Rxf7) 34. c7 Rf8 {Precision: White = 61%, Black = 32%.} 1-0

[Event "13th Agzamov Memorial 2019"]
[Site "Tashkent"]
[Date "2019.03.13"]
[Round "2.3"]
[White "Nogerbek, Kazybek"]
[Black "Korneev, Oleg"]
[Result "1/2-1/2"]
[WhiteElo "2370"]
[BlackElo "2559"]
[Annotator "TA"]
[PlyCount "53"]
[EventDate "2019.03.12"]
[EventType "swiss"]
[EventCountry "UZB"]
[SourceTitle "playchess.com"]
[Source "ChessBase"]
[SourceQuality "1"]

{[%evp 18,53,20,20,12,13,12,13,13,12,28,8,13,0,0,0,0,0,2,0,8,0,0,0,0,0,0,0,0,0,0,0,0,0,0,0,0,0]} 1. e4 e5 2. Nf3 Nc6 3. Bb5 Nf6 4. O-O Nxe4 5. Re1 Nd6 6. Nxe5 Be7 7. Bf1 Nxe5 8. Rxe5 O-O 9. d4 Bf6 10. Re1 Re8 {C67: Ruy Lopez: Berlin Defence: 4 0-0 Nxe4} 11. Bf4 Rxe1 12. Qxe1 Ne8 13. c3 d5 14. Bd3 c6 {The position is equal.} 15. Na3 g6 16. Nc2 Ng7 17. Qd2 Bf5 18. Bxf5 Nxf5 {[#]} 19. Ne3 $146 Nxe3 20. Qxe3 Qe7 21. Qxe7 Bxe7 $11 {[%mdl 4096] Endgame KRB-KRB} 22. Re1 Bf8 23. f3 f6 24. Kf2 Kf7 25. g4 Re8 26. Rxe8 Kxe8 27. Ke2 {Accuracy: White = 46%, Black = 91%.} 1/2-1/2

[Event "13th Agzamov Memorial 2019"]
[Site "Tashkent"]
[Date "2019.03.13"]
[Round "2.4"]
[White "Fedorov, Alexei"]
[Black "Rahman, Adel"]
[Result "1-0"]
[WhiteElo "2552"]
[BlackElo "2323"]
[Annotator "TA"]
[PlyCount "65"]
[EventDate "2019.03.12"]
[EventType "swiss"]
[EventCountry "UZB"]
[SourceTitle "playchess.com"]
[Source "ChessBase"]
[SourceQuality "1"]

{[%evp 17,65,28,27,14,13,0,0,-8,10,7,6,2,8,4,14,5,6,6,16,15,24,17,26,18,33,11,20,0,66,30,96,85,99,97,141,135,118,120,143,126,415,432,354,407,734,731,648,604,560,547]} 1. e4 c5 2. Nc3 e6 3. Nf3 Nc6 4. d4 cxd4 5. Nxd4 Qc7 6. Be3 a6 7. Bd3 Nf6 8. O-O b5 9. Nxc6 Qxc6 10. f3 {B48: Sicilian: Taimanov: 5 Nc3 Qc7 6 Be3 a6 without Be2} (10. Be2 {is more complex.} Qc7 11. Qd4 Bb7 12. e5 Nd5 13. Nxd5 Bxd5 14. Rfc1) 10... Bc5 11. Bxc5 Qxc5+ 12. Kh1 {The position is equal.} Bb7 13. Qe1 d6 14. a4 {[%cal Ra4b5]} b4 15. Na2 a5 16. c3 bxc3 $1 17. Bb5+ $146 Ke7 18. Nxc3 Rhd8 19. Rc1 $36 {[%mdl 2048] Threatens to win with Nd5+! White fights for an advantage.} Qb6 20. Rf2 Rac8 21. Rd2 h6 22. Rcd1 Qc5 ({Black should play} 22... Kf8 $11) 23. Rd4 e5 (23... Qb6 $11) 24. R4d3 $16 Qb4 25. b3 g5 26. Qe3 Qc5 27. Qd2 Qb4 28. Bc4 Nh5 $2 {[%mdl 8192] [#]} (28... Rd7 $16 29. h4 Rg8) 29. Rd5 $1 $18 {[%mdl 512] Hoping for Rb5.} Bc6 {[#]} (29... Bxd5 30. Nxd5+) 30. Rb5 $1 {[%mdl 512]} d5 (30... Bxb5 $142 31. Nd5+ {[%mdl 64] Double Attack, Discovered Attack} (31. axb5 Kf8 $15) 31... Kf8 32. Nxb4 Bxc4 33. bxc4 axb4 34. Qxb4 Ke7) 31. Rxb4 {White is clearly winning.} dxc4 32. Qxd8+ Rxd8 33. Rxc4 {Accuracy: White = 69%, Black = 31%.} 1-0

[Event "13th Agzamov Memorial 2019"]
[Site "Tashkent"]
[Date "2019.03.13"]
[Round "2.5"]
[White "Turaev, Hairilla"]
[Black "Fier, Alexandr"]
[Result "0-1"]
[WhiteElo "2316"]
[BlackElo "2551"]
[Annotator "TA"]
[PlyCount "46"]
[EventDate "2019.03.12"]
[EventType "swiss"]
[EventCountry "UZB"]
[SourceTitle "playchess.com"]
[Source "ChessBase"]
[SourceQuality "1"]

{[%evp 13,46,-23,0,-59,-66,-83,-86,-83,-114,-107,-108,-268,-263,-381,-390,-388,-379,-386,-386,-373,-372,-381,-374,-574,-547,-576,-547,-979,-752,-900,-704,-824,-804,-689,-413]} 1. e4 c5 2. Nf3 e6 3. c4 Nc6 4. d4 cxd4 5. Nxd4 Nf6 6. Nc3 Bb4 7. f3 O-O 8. Be3 {B44: Sicilian: Taimanov: 5 Nb5} (8. Nxc6 $11 dxc6 9. Be3) (8. Nxc6 bxc6 9. e5 Nh5 10. Qd4 f6 11. exf6 e5 12. Qh4 Nxf6 13. Bd3 Qb6 14. Bg5 d5 15. a3 Bxc3+ 16. bxc3 {0-1 (49) Balint,V (2281)-Mischuk,D (2403) Budapest 2017}) 8... d5 $15 9. Nxc6 bxc6 10. e5 {Black is better.} Nd7 11. f4 f6 12. Bd3 $2 (12. cxd5 $17 cxd5 13. exf6 Qxf6 14. Rc1) 12... fxe5 $19 13. fxe5 (13. cxd5 $142 exf4 14. Bd4) 13... Nxe5 {Threatens to win with ...d4.} 14. Bxh7+ Kxh7 15. Qh5+ Kg8 16. Qxe5 Qh4+ {[%mdl 64] [#] Double Attack} 17. Kd2 Rf5 18. Qg3 (18. Qd4 $142 Qxd4+ 19. Bxd4) 18... Qxc4 {Black is clearly winning.} 19. a3 Bf8 $146 ({Predecessor:} 19... Ba5 20. b4 d4 {0-1 (21) Salcedo,I (2162)-Guerrero Vargas,A (2245) Panama City 2013}) 20. Nd1 Ba6 {[#] ...d4 is the strong threat.} 21. Re1 Qd3+ 22. Kc1 d4 {( -> ...Rc5+)} 23. Bf4 Rc5+ 0-1

[Event "13th Agzamov Memorial 2019"]
[Site "Tashkent"]
[Date "2019.03.13"]
[Round "2.6"]
[White "Pourramezanali, Amirreza"]
[Black "Mishuchkov, Nikolai M."]
[Result "1-0"]
[WhiteElo "2519"]
[BlackElo "2292"]
[Annotator "TA"]
[PlyCount "65"]
[EventDate "2019.03.12"]
[EventType "swiss"]
[EventCountry "UZB"]
[SourceTitle "playchess.com"]
[Source "ChessBase"]
[SourceQuality "1"]

{[%evp 15,65,38,34,23,58,33,40,44,54,29,17,21,33,32,29,0,19,-9,-4,-4,-5,-41,-16,-64,-59,-65,-62,-66,-59,-73,20,27,16,-11,0,0,0,0,15,0,29,32,606,602,568,575,29979,29980,29983,29972,5414,5413]} 1. e4 c5 2. Nf3 e6 3. d4 cxd4 4. Nxd4 a6 5. Nc3 b5 6. Bd3 Bb7 7. O-O Nc6 8. Nxc6 Bxc6 9. Qe2 {B43: Sicilian: Kan Variation: 5 Nc3} (9. Re1 Nf6 10. e5 b4 11. exf6 bxc3 12. fxg7 Bxg7 13. b3 Qh4 14. g3 Qd4 15. Qh5 Qd5 16. Qxd5 Bxd5 {1-0 (44) Guseinov,G (2667)-Romanov,E (2614) Hoogeveen 2018}) 9... Ne7 10. f4 Ng6 $146 ({Predecessor:} 10... b4 11. Nd1 Ng6 12. Be3 Qa5 13. Nf2 Bc5 14. Ng4 h5 15. Nf2 Qb6 16. Nd1 e5 17. fxe5 Nxe5 18. h3 d6 19. Kh1 g6 20. Rf6 Qb7 21. Bxc5 dxc5 22. Ne3 O-O {½-½ (22) Tolnai,T (2495)-Smirin,I (2555) Komotini 1992}) 11. Be3 {White is slightly better.} Be7 12. Rad1 O-O 13. e5 f5 14. exf6 Bxf6 15. Qh5 Qe8 16. Ne4 Bxe4 $1 17. Bxe4 d5 18. Bd3 Bxb2 19. g4 {[#] Rf3 is the strong threat.} Rf7 $1 20. g5 e5 {[%cal Re5f4,Be6e5,Be5e4][%mdl 32]} 21. f5 e4 22. Be2 Ne5 (22... Ne7 $17 23. g6 hxg6 24. fxg6 Rxf1+ 25. Kxf1 Qxg6 26. Qxg6 Rf8+ 27. Kg2 Nxg6 28. Rxd5 Rc8) 23. Rxd5 $11 g6 24. fxg6 Rxf1+ 25. Bxf1 hxg6 26. Qd1 Nf3+ 27. Kh1 Bc3 28. Bh3 {[#] Threatens to win with Rd7.} Ne5 $2 {[%mdl 8192]} (28... Qf7 $14) 29. Rd6 $18 Kg7 30. Bd4 Rc8 31. Bxc8 Qxc8 32. Bxe5+ Bxe5 33. Rd7+ {Accuracy: White = 51%, Black = 44%.} 1-0

[Event "13th Agzamov Memorial 2019"]
[Site "Tashkent"]
[Date "2019.03.13"]
[Round "2.7"]
[White "Tillyaev, Ulugbek"]
[Black "Ivanov, Sergey"]
[Result "0-1"]
[WhiteElo "2304"]
[BlackElo "2509"]
[Annotator "TA"]
[PlyCount "138"]
[EventDate "2019.03.12"]
[EventType "swiss"]
[EventCountry "UZB"]
[SourceTitle "playchess.com"]
[Source "ChessBase"]
[SourceQuality "1"]

{[%evp 15,138,20,15,22,16,22,22,0,27,-30,-29,-39,-27,-39,-25,-79,-75,-76,-76,-77,-70,-66,-71,-69,-56,-67,-40,-41,-31,-20,-29,-35,-21,-34,-25,-28,-28,-31,-30,-23,-12,-40,-33,-43,-33,-34,-32,-101,-77,-170,-162,-250,-243,-373,-169,-154,-126,-126,-126,-126,-120,-125,-125,-125,-125,-125,-125,-135,-128,-145,-128,-135,-133,-112,-120,-176,-103,-103,-103,-103,-101,-94,-75,-84,-84,-65,-71,-65,-59,-68,-62,-249,-254,-229,-206,-258,-256,-215,-233,-400,-382,-1625,-1716,-2535,-2237,-2147,-2110,-29965,-29968,-29967,-29970,-29971,-29973,-29968,-29970,-29973,-29973,-29981,-29982,-29988,-29989,-29990,-29991,-29993,-29994]} 1. d4 Nf6 2. Nf3 e6 3. c4 b6 4. g3 Ba6 5. Nbd2 d5 6. Bg2 Be7 7. O-O O-O 8. b3 c5 9. Bb2 {E15: Queen's Indian: 4 g3 sidelines, 4 g3 Ba6 and 4 g3 Bb7 early deviations} (9. dxc5 bxc5 10. Ne5 Bb7 11. Bb2 Nbd7 12. e3 Nxe5 13. Bxe5 Nd7 14. Bb2 Bf6 15. Qc2 Qb6 16. cxd5 exd5 {1-0 (62) Radjabov,T (2773)-Karjakin,S (2769) Wijk aan Zee 2012}) 9... Nbd7 10. Rc1 Rc8 11. Rc2 {The position is equal.} b5 12. cxb5 $146 (12. cxd5 $142 Nxd5 13. dxc5) ({Predecessor:} 12. dxc5 bxc4 {½-½ (14) Portisch,L (2586)-Azarov,S (2530) Rethymno 2003}) 12... Bxb5 $11 13. Re1 Qb6 14. Qa1 a5 15. dxc5 (15. a4 $11 {remains equal.} Ba6 16. Bf1) 15... Bxc5 $17 16. Bd4 Bxd4 17. Nxd4 Rxc2 18. Nxc2 Rc8 19. Nd4 Ba6 20. e3 Qc5 21. a3 Bd3 22. Bf1 Bxf1 23. Kxf1 g6 24. Ne2 Qb5 25. Rc1 Rxc1+ 26. Qxc1 Nc5 27. a4 Qb6 $36 {[%mdl 2048] Black fights for an advantage.} 28. Nd4 Ng4 29. Qd1 $1 {[%cal Rd1g4]} h5 ({Reject} 29... Nxh2+ $6 30. Kg2 $16) 30. h3 $1 {[%cal Rh3g4]} Ne5 31. Nb5 (31. f4 $15 Ned7 32. Kg2) 31... Ned3 32. Qc2 (32. Nf3 $17) 32... e5 $19 {...Qe6 is the strong threat.} 33. Qd1 (33. Nf3 {was worth a try.}) 33... Qe6 34. g4 (34. Kg1 $142) 34... Qf6 (34... e4 $142 35. f4 Qf6) 35. Qf3 Qxf3 36. Nxf3 hxg4 ({Much less strong is} 36... Nxb3 37. gxh5 gxh5 38. Nc3 $15) 37. hxg4 Nxb3 $17 {[%mdl 4096] Endgame KNN-KNN} 38. Ke2 Nbc5 39. Nc3 e4 $1 {[%cal Re4f3]} 40. Nd4 Nb4 41. Ndb5 Kg7 42. Nc7 Kh6 43. f4 exf3+ $1 44. Kxf3 Kg5 45. N7b5 (45. Kg3 $17) 45... Nd7 ({Black should try} 45... Nc6 $19 46. Kg3 f5 47. gxf5 Kxf5) 46. e4 Ne5+ 47. Kg3 Nxg4 48. exd5 f5 49. Nd4 Ne5 50. Nb3 Nc4 51. d6 Kf6 {And now ...Nd3 would win.} 52. d7 $1 {[%cal Rd7d8]} Ke7 53. Nc5 $2 {[#]} (53. Kf4 $15) 53... Nc6 $1 $19 54. Kf4 Kd6 55. Nd3 Kxd7 56. Kg5 N6e5 57. Nf4 $2 (57. Nc5+ {was the only defense.} Ke7 58. Nb3) 57... Kd6 58. Nxg6 $2 (58. Na2) 58... Nxg6 59. Kxg6 {KN-KN} Ke5 60. Kg5 Nb6 61. Kh4 Kf4 {Black mates.} 62. Ne2+ Ke3 63. Ng3 f4 64. Nf5+ Kf3 65. Nd4+ Ke4 66. Nb3 Ke3 67. Nxa5 {[#]} f3 $1 68. Kg3 f2 69. Nc4+ Nxc4 {Accuracy: White = 39%, Black = 69%.} 0-1

[Event "13th Agzamov Memorial 2019"]
[Site "Tashkent"]
[Date "2019.03.13"]
[Round "2.8"]
[White "Kurbonboeva, Sarvinoz"]
[Black "Vokhidov, Shamsiddin"]
[Result "0-1"]
[WhiteElo "2273"]
[BlackElo "2494"]
[Annotator "TA"]
[PlyCount "126"]
[EventDate "2019.03.12"]
[EventType "swiss"]
[EventCountry "UZB"]
[SourceTitle "playchess.com"]
[Source "ChessBase"]
[SourceQuality "1"]

{[%evp 14,126,18,2,-5,22,28,16,18,4,13,12,9,0,12,12,12,12,38,12,11,-35,-21,-9,-16,-35,-38,-37,-28,-21,-18,-55,-20,-39,-58,-56,-41,-82,-58,-151,-55,-56,-41,-61,-65,-164,0,0,0,0,0,0,0,0,0,0,0,-78,0,-17,0,-82,-90,-89,-88,-107,-90,-119,-111,-172,-159,-174,-190,-251,-185,-189,-183,-243,-251,-262,-218,-249,-167,-340,-331,-418,-443,-434,-154,-145,-145,-589,-520,-406,-383,-1089,-1151,-1221,-145,-308,-145,-4133,-2478,-4917,-2425,-29971,-29971,-29970,-734,-29978,-29979,-29981,-29981,-29978,-29978]} 1. d4 d5 2. c4 e6 3. Nf3 Nf6 4. g3 dxc4 5. Bg2 Bd7 6. Ne5 Bc6 7. Nxc6 Nxc6 8. O-O Qd7 {E04: Open Catalan: 5 Nf3} 9. e3 O-O-O 10. Qa4 Nd5 {The position is equal.} 11. Qxc4 h5 12. Bd2 h4 13. b4 hxg3 14. hxg3 {[#]} Ncxb4 $146 ({Predecessor:} 14... f5 15. b5 Nce7 16. a4 {½-½ (36) Gledura,B (2585)-Moiseenko,A (2648) Bastia 2016}) 15. Bxb4 Nxb4 16. Nc3 Nd5 17. Rfc1 c6 18. Rab1 Kb8 19. Na4 Rc8 20. e4 Nf6 21. Bf3 Rc7 22. Rc3 Be7 23. Rcb3 Rd8 24. Rd1 Qc8 25. Nc3 Nd7 26. a4 (26. Qe2 $15) 26... c5 (26... e5 $1 $17 {White must now prevent ...exd4.} 27. Bg4 (27. Qxf7 Bf6 $17) 27... exd4 28. Qxd4 Nc5 {[%mdl 64] Discovered Attack} 29. Qxd8 Qxd8 30. Rxd8+ Bxd8) 27. Nb5 $15 Rc6 $1 28. d5 Ne5 29. Qe2 ({White should try} 29. Qc3 $15 Nxf3+ 30. Qxf3 exd5 31. exd5) 29... c4 $2 (29... Ra6 $19 {Threatens to win with ...c4.} 30. Rbb1 c4) 30. dxc6 $11 Rxd1+ 31. Qxd1 cxb3 32. c7+ Ka8 {aiming for ...b2.} 33. Qxb3 {Strongly threatening Qc3.} a6 $36 {[%mdl 2048] Black is pushing.} 34. Be2 Nc6 35. Qb2 (35. Qc3 $11) 35... Bf6 ({But not} 35... axb5 36. axb5 Qxc7 37. bxc6 $11) (35... Bc5 $1 $17 36. Kg2 Bb6) 36. Qa3 Be5 37. Kg2 (37. Qc5 $11) 37... g6 $1 $17 38. f4 Bxc7 39. Nxc7+ Qxc7 40. Qf8+ Ka7 41. Qc5+ (41. e5 $17) 41... Qb6 $19 42. Qc4 Qd4 $1 43. Kf3 (43. Qc2 {was worth a try.}) 43... Kb6 44. Qb3+ Kc7 45. Qc4 (45. Qc2 $142) 45... Qxc4 46. Bxc4 {[%mdl 4096] Endgame KB-KN} Kd6 47. Ke3 f6 48. g4 $2 (48. Ba2) 48... e5 49. g5 fxg5 50. fxg5 Nd4 $2 (50... Kc5 $19 {and Black stays clearly on top.} 51. Kd3 Kb4) 51. Bf7 $17 Ne6 52. Bxg6 $2 {[%mdl 8192]} (52. Kd2 $17) 52... Kc5 $1 $19 53. Bf5 Nxg5 54. Bc8 $2 (54. Kd3) 54... Kb6 $1 55. Kd3 {[#]} Nf7 $1 {[%cal Rf7d6] And now ...Nd6 would win.} 56. Bf5 $2 {[#]} (56. Kc3 $17) 56... Nd6 (56... Ka5 $1 $19 {[%cal Ra5a4] is more deadly.} 57. Kc4 Kxa4) 57. Be6 $2 {[%mdl 8192]} (57. Kc3 $17) 57... Ka5 58. Bd7 Kb4 59. Ke3 Kc3 60. Be6 b5 61. axb5 axb5 {[%cal Ba6b5,Bb5b4][%mdl 32] Black mates.} 62. Kf3 b4 63. Kg4 Kd4 {Accuracy: White = 28%, Black = 64%.} 0-1

[Event "13th Agzamov Memorial 2019"]
[Site "Tashkent"]
[Date "2019.03.13"]
[Round "2.9"]
[White "Karimov, Alisher"]
[Black "Nigmatov, Ortik"]
[Result "0-1"]
[WhiteElo "2263"]
[BlackElo "2478"]
[Annotator "TA"]
[PlyCount "90"]
[EventDate "2019.03.12"]
[EventType "swiss"]
[EventCountry "UZB"]
[SourceTitle "playchess.com"]
[Source "ChessBase"]
[SourceQuality "1"]

{[%evp 9,90,57,71,46,44,30,46,39,18,0,0,0,0,0,0,0,16,0,0,0,43,16,25,0,20,11,29,-63,-54,-64,-64,-74,-33,-36,-32,-53,-56,-127,-122,-258,-255,-272,-271,-258,-257,-270,-277,-288,-283,-278,-239,-277,-272,-272,-259,-259,-259,-298,-298,-337,-294,-323,-328,-355,-350,-342,-329,-379,-379,-378,-364,-422,-406,-528,-558,-510,-476,-1056,-1055,-1176,-1118,-1149,-1117]} 1. d4 Nf6 2. c4 b6 3. f3 Nc6 (3... Bb7 4. e4 e6 5. Nc3 d5 6. cxd5 exd5 7. e5 Nfd7 8. f4 c5 9. Nf3 Nc6 10. Be3 cxd4 11. Nxd4 Bc5 12. Bb5 Nxd4 13. Bxd4 {1-0 (33) Matlakov,M (2700)-Mamedyarov,S (2817) St Petersburg 2018}) 4. Nc3 e5 5. d5 Ne7 {LiveBook: 47 Games} 6. Qc2 $146 {A50: Queen's Fianchetto Defence (1 d4 Nf6 2 c4 b6)} ({Predecessor:} 6. e4 Ng6 7. Be3 Bc5 8. Qd2 d6 9. O-O-O Bd7 10. Kb1 Bxe3 11. Qxe3 {1-0 (40) Rodshtein,M (2699)-Stupak,K (2588) Katowice 2017}) 6... Ng6 7. a3 Be7 8. e3 {White is slightly better.} c6 9. Bd3 O-O 10. Nge2 b5 11. O-O Qb6 12. Qd2 cxd5 13. Nxd5 Nxd5 14. cxd5 f5 15. Kh1 d6 16. a4 b4 17. a5 Qc5 18. Qc2 (18. b3 $11) 18... Qxc2 $15 19. Bxc2 Ba6 20. Re1 Bc4 21. Ng3 Nh4 $36 {[%mdl 2048] Black is pushing.} 22. Ra4 Rac8 {White must now prevent ...Bb5.} 23. Rxb4 {[#]} ({Better is} 23. Bb1 $15) 23... Bd8 $1 $17 ({Don't do} 23... Bxd5 {[#]} 24. Bxf5 $1 {[%mdl 512]} Nxf5 25. Nxf5 $15) 24. Ra4 (24. Rd1 $17) 24... Bb5 $19 ({Less strong is} 24... Bxd5 25. Bd3 $15) 25. Bb3 Bxa4 26. Bxa4 Bxa5 27. Rd1 Rc5 28. f4 e4 29. Ne2 Rfc8 30. Bd2 {White hopes to continue with b4.} Bxd2 31. Rxd2 Ng6 32. Kg1 Ne7 33. Kf2 Kf7 34. Ke1 Kf6 35. Nc3 h5 36. Ke2 a6 {[%cal Ba7a6,Ba6a5,Ba5a4][%mdl 32]} 37. Bd7 R8c7 38. Be6 Rb7 39. Kd1 Rc4 40. g3 a5 41. h3 a4 {Black is clearly winning.} 42. Rc2 g5 43. g4 (43. Ne2 $142 Rcb4 44. Kc1) 43... fxg4 44. hxg4 h4 45. fxg5+ Ke5 {Precision: White = 25%, Black = 82%.} 0-1